| 000 | 01134nam a22002297a 4500 | ||
|---|---|---|---|
| 999 |
_c10024 _d10024 |
||
| 003 | AR-CdUCM | ||
| 008 | 190329b ||||| |||| 00| 0 spa d | ||
| 040 |
_aMUNICIPALIDAD PROVINCIAL DEL CUSCO _cBIBLIOTECA MUNICIPAL DEL CUSCO |
||
| 082 |
_bQ62 / 1962 _a321.8 / |
||
| 100 |
_aQuintanilla, Luis _926628 |
||
| 245 | _aLa convivencia americana / | ||
| 260 |
_aMéxico : _bUniversidad Nacional Autónoma, _c1962. |
||
| 300 |
_a30 páginas ; _c22 cm. |
||
| 500 | _aDonación de la familia Nieto. | ||
| 505 | _aParte de una serie de conferencias sobre "Política exterior mexicana". Luis Quintanilla en su conferencia sobre "La convivencia americana", señala las pautas para enjuiciar una democracia, observa los peligros de que un país o grupo de países declaren que otro no es demócrata sin cometer un acto de intervención, y aclara los caminos para una futura política interamericana. | ||
| 650 |
_aDemocracia _92598 |
||
| 650 |
_aDemocracia - Países - América _926629 |
||
| 650 |
_aPolítica exterior - Democracia _926630 |
||
| 710 |
_aUniversidad Nacional Autónoma. _926631 |
||
| 942 |
_2ddc _cLIBROS |
||
| 945 | _alccs | ||